00666 2200241 4500001002100000005001500021035002000036007000300056008004100059082001400100084002000114245005100134250000900185260003000194300002400224650001400248110005200262990002200314990002200336990002200358990002200380990002200402INLIS00000000000576820260430111518 a0010-0426000053ta260430 0 ind  a631.1:336 a631.1:336 BAD p1 aPenumbuhan dan Pengembangan LKM P4K /cBPPSDMP aEd.1 aJakarta :bBPPSDMP,c2001 avi, 26 hal. :bIlus 4aPertanian2 aBadan Penyuluhan dan Pengembangan SDM Pertanian a5138/BPPSDMP/2026 a5138/BPPSDMP/2026 a5138/BPPSDMP/2026 a5138/BPPSDMP/2026 a5138/BPPSDMP/2026